000 01078cam a22002535a 4500
005 20260312161917.0
008 260312t2024 xxk fo 000 0 ger d
020 _a9781783215461
041 0 _ager
110 2 _aRoyal Institution of Chartered Surveyors
_94900
245 0 0 _aRICS Bewertung – Globale Standards
_h[electronic resource]
246 _aGerman translation of RICS Valuation Global Standards
260 _aLondon,
_bRICS,
_cDecember 2024
300 _a132p.
490 _aRICS Red Book
500 _aDie von der RICS herausgegebene englische Version von RICS Bewertung – Globale Standards ist die einzige offizielle Fassung dieser Standards und damit die maßgebliche Referenz für regulatorische Zwecke
520 _aPublished December 2024, effective from 31 Jan 2025
650 2 4 _aRED BOOK
650 2 4 _aGLOBAL VALUATION STANDARDS 2022
651 4 _aInternational
690 _aValuation
_96273
856 4 0 _uhttps://www.rics.org/content/dam/ricsglobal/documents/standards/Red-Book-Global-German.pdf
_zAvailable on RICS.org
942 _n0
_2ddc
999 _c122324
_d122324